000 00309nam a2200121Ia 4500
008 220216s9999 xx 000 0 und d
100 _aNishimura K
245 0 _aRecycling of used tyres in Japan
260 _bKautschuk Gummi Kunststoffe
_c1993
300 _a989-991
650 _aTyre recycling
942 _cJS
999 _c66562
_d66562